[Event "PCA-Wch Candidates final"]
[Site "Las Palmas"]
[Date "1995.??.??"]
[Round "4"]
[White "Kamsky, Gata"]
[Black "Anand, Viswanathan"]
[Result "1/2-1/2"]
[WhiteElo "2710"]
[BlackElo "2715"]
[Annotator "Anand,V"]
[PlyCount "99"]
[EventDate "1995.03.??"]
[EventType "match"]
[EventRounds "11"]
[EventCountry "ESP"]
[SourceTitle "CBM 046"]
[Source "ChessBase"]
[SourceDate "1995.06.01"]
[SourceVersion "1"]
[SourceVersionDate "1995.06.01"]
[SourceQuality "1"]

1. e4 {Ftacnik Hecht} e5 2. Nf3 Nc6 3. Bb5 a6 4. Ba4 Nf6 5. O-O Nxe4 6. d4 b5
7. Bb3 d5 8. dxe5 Be6 9. c3 Bc5 10. Qd3 O-O 11. Be3 f5 (11... f6 {Ftacnik} 12.
Nbd2 Nxd2 13. Qxd2 Bxe3 14. Qxe3 Nxe5 15. Nxe5 fxe5 16. Qxe5 Qd7 17. a4 c6 18.
axb5 axb5 19. Bc2 Rxa1 20. Rxa1 Bf5 21. Bxf5 Qxf5 22. Qxf5 Rxf5 23. Ra6 Rf6 24.
Kf1 $14 {Berelovich,A-Mikhalevski,V/Groningen op (02)/1993/1-0 (45)}) (11...
Qd7 {Ftacnik} 12. Nbd2 Bxe3 13. Qxe3 f5 14. exf6 Nxf6 15. Qc5 Rae8 16. Nd4 Ne5
17. Bc2 Qf7 18. a4 bxa4 19. Rxa4 Bc8 20. Ra5 c6 21. N2f3 Nxf3+ 22. Nxf3 Re2 23.
Bd3 Rxb2 24. Qxc6 $14 {Prasad,D-Bhave,R/Calcutta (01)/1992/1-0 (34)}) 12. exf6
Qxf6 13. Nbd2 (13. Bc2 {Ftacnik} Bxe3 14. Qxe3 Bf5 15. Nbd2 Nxd2 16. Qxd2 Bxc2
17. Qxc2 Ne5 {Zapata,A-Anand,V/Thessaloniki olm (9)/1988/0.5 (17)}) 13... Bxe3
(13... Ne5 {Ftacnik} 14. Nxe5 Qxe5 15. Bd4 Bxd4 16. cxd4 Qd6 17. Rae1 (17. Rac1
Nxd2 18. Qxd2 Rf6 19. Qc3 Rc8 20. Rfe1 c6 21. Re3 Bd7 22. Re5 Rcf8 23. Rc2 Rf4
24. Rce2 $14 {Tal,M-Langeweg,K/Wijk aan Zee/1968/1-0 (41)}) 17... Nf6 18. Bc2
g6 19. Qg3 Qxg3 20. hxg3 Rae8 21. f3 Bf7 22. Nb3 Nd7 23. g4 Rxe1 24. Rxe1 $14 {
Sigurjonsson,G-Strobel,F/Vraca zt/1975/1-0 (41)}) 14. Qxe3 Nxd2 15. Qxd2 (15.
Nxd2 {Ftacnik} Na5 (15... Rae8 16. Qc5 Ne5 17. Bxd5 Nd3 18. Bxe6+ Rxe6 19. Qxc7
Nxb2 $132) 16. Bc2) 15... Rad8 16. Rfe1 Kh8 (16... Na5 {Ftacnik} 17. Qe3 $14)
17. Re3 (17. Nd4 Bg8 $10) (17. Qe3 {Ftacnik} Bg4 18. Nd4 Na5 19. h3 Bc8 20.
Rad1 c5 21. Ne2 Bb7 22. Qxc5 d4 $132) (17. Re2 {Ftacnik} Bg4 $5 (17... Bg8 {
Ftacnik} 18. Rd1 d4 $5 19. Nxd4 (19. cxd4 {Ftacnik} Bxb3 (19... Nxd4 20. Nxd4
c5 21. Re4) (19... Bd5 20. Bxd5 Rxd5 21. Re4 Rfd8 22. Rde1 Qf7 23. Qc3 $16) 20.
axb3 Nxd4 (20... Qd6 21. Re4 Qd5 22. Qe3 Nb4 23. Rc1) 21. Nxd4 c5 22. Re4 h6 $1
(22... Rd5 23. b4 cxd4 24. Rxd4 $16) 23. b4 Rxd4 24. Rxd4 cxd4 25. Qxd4 Qxd4
26. Rxd4 Rc8 27. Kf1 Rc2 $10) 19... Nxd4 20. cxd4 c5 21. Re4 (21. d5 $6 c4 22.
Bc2 Rxd5 $15) 21... c4 (21... Bd5 22. Bxd5 Rxd5 23. Qe3 $14) (21... Qg6 22.
Rde1 c4 23. Bd1 Bd5 24. Rg4 $14) (21... Bxb3 22. axb3 Qf7 (22... h6 23. Qe3 Qf7
) 23. Qc2 Rd5 $44) 22. Bc2 c3 23. bxc3 Bxa2 $132) 18. Re3 d4 19. Nxd4 Nxd4 20.
cxd4 Rxd4 21. Qe1 c5 $10) 17... Bg8 18. Rd1 $2 d4 $1 19. Ree1 dxc3 20. Qxc3
Qxc3 21. bxc3 Na5 $6 (21... h6 22. h3 Na5) (21... Bxb3 {Ftacnik} 22. axb3 {xa6}
) 22. Bxg8 Kxg8 23. Ng5 $1 $36 (23. Ne5 {Ftacnik} Rd6 $1) 23... Nc4 24. h4 (24.
Ne6 Rxd1 25. Rxd1 Nb2 $1 $10) 24... Rxd1 25. Rxd1 Nd6 (25... Re8 26. Rd7 h6 27.
Nh3 (27. Nf3 Ne5 $10) 27... c5 (27... Re2 28. Rxc7 Rxa2 29. Nf4) (27... c6 $5))
26. Ne6 Rf7 27. f3 (27. Nxc7 {Ftacnik} Rxc7 28. Rxd6 Rxc3 29. Rxa6 b4 30. Kh2
b3 $10) 27... Re7 $6 (27... Nb7 $1 28. Nd8 $10) 28. Nc5 (28. Nxc7 {Ftacnik}
Rxc7 29. Rxd6 Rxc3 30. Rxa6 b4 $10) 28... Re2 $6 (28... Re3 $1 29. Nxa6 Rxc3
30. Nxc7 Rxc7 31. Rxd6 Rc2 $10) (28... a5 {Ftacnik} 29. Kf2) 29. Nxa6 Nf5 30.
Nxc7 (30. Rd8+ {Ftacnik} Kf7 31. Rd7+) 30... Nxh4 31. Rd4 (31. Nxb5 $2 {Ftacnik
} Rxg2+ 32. Kf1 Rxa2) 31... Nf5 (31... Rxg2+ $2 {Ftacnik} 32. Kh1 Rxa2 33. Rxh4
$16) (31... Nxg2 $5 {Ftacnik} 32. a3 (32. Kf1 Rxa2 33. Re4 g5) 32... Ne1 33.
Kf1 Re7 34. Nxb5 Nxf3 $13) 32. Re4 Rxa2 (32... Rxe4 $2 {Ftacnik} 33. fxe4 Ng3
34. Nxb5 Nxe4 35. a4 $16) 33. Nxb5 Rc2 $2 (33... Rb2) 34. Kh2 Rb2 35. Nd4 $6 (
35. c4 $14) (35. c4 {Ftacnik} h5 $14) 35... Nxd4 36. Rxd4 (36. cxd4 {Ftacnik}
Rd2 $14) 36... Rc2 37. Rc4 {Hecht: Der aktive schwarze Rc2 hinter dem
Freibauern sichert das Remis.Der weisse Turm vor dem Freibauern ist nicht so
guenstig postiert.} (37. c4 {Hecht} Kf7 38. Kh3 Kf6 39. Re4 g5 40. g4 Rf2 41.
Kg3 Rc2 $10) 37... Kf7 38. f4 (38. Kh3 h5) (38. Kg3 {Ftacnik} h5 {xg2}) (38.
Rc5 {Ftacnik} h5 $1) 38... Rd2 $1 39. Rc6 Rd3 40. g3 h5 $1 41. Kh3 g6 42. Kg2 (
42. Kh4 Rf3 $1 (42... Re3 $14 {Ftacnik})) 42... Re3 43. Rc8 (43. Kf2 {Ftacnik}
Rd3 {xg3}) 43... Kg7 44. c4 Rc3 45. c5 Rc2+ 46. Kh3 (46. Kf3 {Ftacnik} Rc3+ 47.
Ke4 Rxg3 48. c6 Rc3) 46... Kf7 47. c6 Kg7 48. c7 Kh7 49. Kh4 Kg7 50. g4 (50.
Kg5 {Ftacnik} Rc5+) (50. g4 {Ftacnik} hxg4 51. Kxg4 Rc3 $10) 1/2-1/2

[Event "PCA-Wch Candidates final"]
[Site "Las Palmas"]
[Date "1995.??.??"]
[Round "6"]
[White "Kamsky, Gata"]
[Black "Anand, Viswanathan"]
[Result "1/2-1/2"]
[WhiteElo "2710"]
[BlackElo "2715"]
[Annotator "Anand,V"]
[PlyCount "75"]
[EventDate "1995.03.??"]
[EventType "match"]
[EventRounds "11"]
[EventCountry "ESP"]
[SourceTitle "CBM 046"]
[Source "ChessBase"]
[SourceDate "1995.06.01"]
[SourceVersion "1"]
[SourceVersionDate "1995.06.01"]
[SourceQuality "1"]

1. e4 {Ftacnik} e5 2. Nf3 Nc6 3. Bb5 a6 4. Ba4 Nf6 5. O-O Nxe4 6. d4 b5 7. Bb3
d5 8. dxe5 Be6 9. Be3 Bc5 10. Qe2 Qe7 (10... Ne7 {Ftacnik} 11. Nbd2 Bxe3 12.
Qxe3 Nxd2 13. Qxd2 c5 14. c3 Qd7 15. Rad1 O-O 16. Ng5 Bf5 17. Bxd5 Qxd5 18.
Qxd5 Nxd5 19. Rxd5 h6 20. Nf3 Rfc8 21. Rd6 a5 22. a3 Rab8 23. Nh4 Be6 24. f4
$18 {Hracek,Z-Krasenkov,M/Brno (04)/1994/1-0 (40)}) (10... O-O {Ftacnik} 11.
Nbd2 (11. Rd1 Ne7 12. c3 c6 13. Nd4 Bb6 14. Bc2 Qc7 15. f3 Nc5 16. f4 Ne4 17.
Nd2 Nxd2 18. Rxd2 c5 19. Nf3 Rad8 20. a4 Qc6 21. axb5 axb5 22. Bd3 d4 23. cxd4
cxd4 24. Bf2 $13 {Sokolov,A-Korneev,O/Bad Woerishofen op (04)/1992/0-1 (31)})
11... Bxe3 12. Qxe3 Nxd2 13. Qxd2 Ne7 14. Qc3 (14. c3 c5 15. h3 a5 16. Rad1 b4
17. Ba4 bxc3 18. bxc3 Qc7 19. Rfe1 Rad8 20. Qe2 h6 21. Rd2 Rb8 22. Bc2 Rfd8 23.
Red1 Qc6 24. a4 {Balashov,Y-Korneev,O/Katowice op (08)/1992/0.5 (25)}) 14... a5
15. a4 b4 16. Qc5 Qd7 17. Nd4 c6 18. c3 bxc3 19. bxc3 Qa7 20. Qa3 (20. Qxa7
Rxa7 21. Bc2 c5 22. Nxe6 fxe6 23. Rab1 Rf4 24. Rb8+ {Lobron,E-Yusupov,A/
Sarajevo/1984/0-1 (33)}) 20... Nf5 21. Nf3 c5 22. Bc2 Rad8 23. Rab1 d4 24. Be4
$10 {Dvoirys,S-Korneev,S/Moscow op/1990/0.5 (51)}) 11. c3 (11. Nbd2 {Ftacnik}
Nxd2 12. Qxd2 d4 (12... Bxe3 13. Qxe3 O-O 14. Rfd1 Rfd8 $13) 13. Nxd4 (13. Bg5
Qd7) 13... Bxd4 14. Bxd4 Rd8 15. c3 Nxd4 16. cxd4 c5 17. Bxe6 fxe6 18. Qa5 cxd4
19. Qxa6 Qd7 20. a4 $14) 11... O-O 12. Rd1 Rad8 13. Bxc5 (13. Nbd2 {Ftacnik}
Bxe3 14. Qxe3 Nxd2 15. Rxd2 Na5 (15... Bg4 16. Bxd5 Bxf3 17. Qxf3 Nxe5 18. Qe3
$14) 16. Ng5 c5 17. f4 $14) 13... Qxc5 (13... Nxc5 14. Nd4 Bd7) 14. Nd4 (14.
Nbd2 {Ftacnik} Nxd2 15. Rxd2 d4 $10) 14... Qb6 $1 $8 15. f3 $6 (15. Nxc6 Qxc6
16. Nd2 $10 (16. Nd2 {Ftacnik} Nc5 17. Nf3 Bg4 $13)) 15... Nc5 16. Kh1 (16. Bc2
{Ftacnik} Rfe8 17. f4 Bc8 $132) 16... Rfe8 $15 17. Na3 Bc8 (17... Na5 18. Nac2)
18. Nxc6 (18. f4 {Ftacnik} Nxd4 19. cxd4 Nxb3 20. axb3 c5 $132) 18... Qxc6 19.
Nc2 (19. Bc2 {Ftacnik} f6 20. f4 fxe5 21. fxe5 Qe6 22. b4 Nb7 23. Re1 Nd6 $13)
19... Nxb3 20. axb3 f6 21. e6 $1 (21. Nb4 {Ftacnik} Qe6 22. Qf2 fxe5 $17) 21...
Rxe6 (21... Bxe6 {Ftacnik} 22. Nb4 Qd7 23. Rxa6 $14) (21... Qxe6 {Ftacnik} 22.
Qxe6+ Rxe6 23. Nd4 Red6 24. b4) 22. Qf2 Qd6 23. b4 Rde8 24. Rd2 Qe7 $2 25. Kg1
$1 Re5 (25... Re2 {Ftacnik} 26. Rxe2 Qxe2 27. Re1 (27. Nd4 Qd3 28. Re1 Qg6)
27... Qxf2+ 28. Kxf2 Rxe1 29. Nxe1 Kf7 30. Ke3 Ke6 31. Kd4 $44) 26. Nd4 Qd6 (
26... c5 $4 {Ftacnik} 27. Nc6) 27. Nb3 $44 Re3 28. Rad1 c6 29. Qg3 Qe7 (29...
Qxg3 {Ftacnik} 30. hxg3 $44) 30. Qf2 Re5 31. Nd4 Qc7 32. Nb3 (32. Qg3 {Ftacnik}
c5 $1 $15) 32... Re3 33. Nd4 R3e5 (33... c5 $2 {Ftacnik} 34. bxc5 Qxc5 35. Nc2)
34. Nb3 h6 35. Rf1 Re3 36. Nd4 R3e5 37. Nb3 Re3 38. Nd4 1/2-1/2

[Event "EU-ch 7th"]
[Site "Kusadasi"]
[Date "2006.04.14"]
[Round "10"]
[White "Palac, Mladen"]
[Black "Atalik, Suat"]
[Result "1/2-1/2"]
[WhiteElo "2561"]
[BlackElo "2632"]
[Annotator "Atalik,S"]
[PlyCount "138"]
[EventDate "2006.04.04"]
[EventType "swiss"]
[EventRounds "13"]
[EventCountry "TUR"]
[SourceTitle "CBM 111 Extra"]
[Source "ChessBase"]
[SourceDate "2006.05.09"]
[SourceVersion "1"]
[SourceVersionDate "2006.05.09"]
[SourceQuality "1"]

{Two rounds to go both me and Mladen we were hungry for at least a win to play
the barrage matches.} 1. e4 e5 2. Nf3 Nc6 3. Bb5 a6 4. Ba4 Nf6 5. O-O Nxe4 6.
d4 b5 7. Bb3 d5 8. dxe5 Be6 9. c3 Bc5 10. Qd3 $1 {This is an obscure line
frequently applied by Andrei Sokolov.} Ne7 $5 {Unable to remember anything I
came up with a serious challenge to his approach.} 11. Be3 (11. Nd4 Bb6 $1 12.
Nd2 Nxd2 13. Bxd2 O-O (13... c5 $2 14. Nxe6 fxe6 15. Bc2 c4 16. Qf3 Qd7 17. a4
$16) 14. Bc2 Ng6 $13) 11... O-O $5 {Very sharp.} (11... Nf5 12. Bxc5 (12. Nd4
Nxe3 13. Qxe3 Bb6 $11) 12... Nxc5 13. Qd2 O-O 14. Nd4 (14. Bc2 f6) 14... Nxb3
15. axb3 c5 $11 16. Nxf5 Bxf5 17. Qf4 Bxb1 18. Rfxb1 $14) 12. Nbd2 (12. Nd4 $6
Bb6 13. Bc2 Ng6 $17) 12... Bxe3 13. Qxe3 Nxd2 {I was trying to avoid Nf5 which
turns out to be a bad piece.} (13... Nf5 14. Qe2 Nxd2 15. Qxd2 c5 16. Bc2 $16)
14. Nxd2 $1 (14. Qxd2 Bg4 $1) 14... Nf5 15. Qd3 $2 {Mladen decided for this
square for his queen.} (15. Qc5 Qe7 (15... Rb8 16. Bc2 Qe7 17. Nb3 $16 Qxc5 18.
Nxc5 a5 19. Bxf5 Bxf5 $16) 16. Qc6 $1 Rab8 17. Qxa6 c5 $1 (17... Rb6 18. Qa5
$16) 18. Nf3 Rfd8 19. Bc2 Rd7 $44) 15... c5 16. Bc2 c4 $1 {Excellent idea!I
already started to calculate bishop against knight type of positions.} (16...
d4 17. c4) 17. Qh3 $1 (17. Qf3 $6 Qg5) 17... Qd7 18. Nf3 h6 19. Bxf5 Bxf5 20.
Qg3 b4 $1 {My bishop is not worse than his knight everything depends on a
tempo.} 21. Nd4 $6 (21. cxb4 Rfb8 22. a3 a5 23. Nd4 Rb6 $5 $44) 21... a5 22.
Rfe1 Ra6 $1 23. Qf4 Bd3 24. Re3 Qa4 25. a3 Rg6 {Draw offer.I have become
extremely nervous and offered a draw in a better position.In reality I could
not understand who is better who is worse.} 26. h4 $138 bxc3 27. bxc3 Qd7 $1
$138 {Threatening Qb7 and helping the defence at the same time.} 28. h5 Rg5 29.
Qh2 Qg4 $2 {This has destroyed the harmony in my position.} (29... Qb7 $1 30.
f4 Qb2 $1 31. Rf1 (31. Rae1 Rg4) 31... Qxc3 32. fxg5 Qxd4 $19) 30. Rh3 Qe4 31.
Re3 Qg4 32. Rh3 Qe4 33. Kh1 $1 {He rightfully has broken the repetition.} Re8 (
33... Rxe5 $2 34. Re3 $18) (33... Qxe5 $2 34. f4 $18) 34. f3 $4 {A terrible
blunder in time trouble.} (34. Rg1 $8 Qh7 35. Re1 Bf5 36. Rh4 $16) 34... Qh7 $4
{Blind!Fucking blind!} (34... Qxe5 $1 35. f4 Qe1+ 36. Rxe1 Rxe1+ 37. Qg1 Rxg1+
38. Kxg1 Rg4 $19) 35. Re1 $16 {Now white has a huge advantage.} Bf5 36. Rh4 $1
Bd7 37. e6 $2 {Time trouble has its own rules.White courageously takes
incredible amount of risks in other words he bluffs.} (37. f4 Rg4 38. Rxg4 Bxg4
39. Qg3 Bf5 40. Re2 $16) 37... Bxe6 $4 {Suicide.} (37... Qd3 $1 38. exf7+ Kxf7
39. Qf4+ Kg8 40. Rxe8+ Bxe8 $17) (37... fxe6 38. f4 Rf5 $44) 38. f4 Rf5 39. g4
Rf6 40. f5 $5 {The notorius 40th move.} (40. g5 $1 Rf5 41. g6 $1 fxg6 42. hxg6
Qxg6 43. Rg1 Qf7 44. Rxh6 Kf8 45. Nc6 Qd7 46. Rh8+ Bg8 47. Qh7 Qf7 48. Rxg8+
Qxg8 49. Qxf5+ $18) 40... Rf8 41. fxe6 $4 {Mladen could have been criticized
for his choice on the previous move but this one is against the principals of
chess!} (41. Qc7 Bc8 42. Re7 Kh8 43. Rh2 $16) 41... fxe6 {I was quite
optimistic about this endgame.} 42. Qe2 Qd3 $1 {The only move to stay alive.}
43. Qxd3 cxd3 44. Kg2 Rf4 $3 {A very deep move.} (44... Rc8 $2 45. Rhh1 $18)
45. Kg3 Re4 46. Rhh1 d2 $1 47. Rxe4 $1 (47. Re2 Rc8 48. Rxe4 Rxc3+ 49. Kf2 dxe4
$11) 47... dxe4 48. Rd1 e3 49. Nc2 Rc8 50. Nxe3 Rxc3 51. Kf4 Rxa3 52. Rxd2 Kf7
{After a couple of forced moves we arrived at the position black was aiming
with 42...Qd3.} 53. Nc4 $2 ({After the end of the game I have joined Katia who
was watching the game with this asshole Sulypa and they both claimed that I
was lost after} 53. Rd6 $1 {It is true that the move is the best but on the
other hand they were both believing in computer appreciation.} Rc3 $1 {The
rook should try to reach the 5th rank.} (53... Ra1 $2 54. Ke5 Re1 55. Rd7+ Kf8
56. Rd3 Kf7 57. Ra3 g6 58. Ke4 gxh5 59. gxh5 Rg1 60. Rxa5 Kf6 61. Kf4 $18) (
53... Rb3 $5) 54. Ke4 (54. Ra6 Rc5) 54... Rc5 $1 55. Ra6 (55. Rd7+ Kf6 56. Ra7
g6 $1 $11) 55... Rg5 (55... Kf6 $2 56. Nf5) 56. Kf3 Rc5 (56... g6 $2 57. hxg6+
Kxg6 58. Rxe6+ $18) 57. Nd1 g6 $1 {Only after the knight moves away the
equalizer comes.} 58. Ra7+ (58. hxg6+ Kxg6 59. Rxe6+ Kg7 60. Ne3 h5 61. Nf5+
Kf7 $11) 58... Kf6 59. Rh7 a4 60. Rxh6 Rg5 $1 (60... a3 61. Rxg6+ Kf7 62. Rh6
Rc1 63. Rh7+ Kf6 64. Ra7 Rxd1 65. Rxa3 $18) 61. hxg6 Ra5 62. Nc3 a3 63. Rh2
Kxg6 64. Ra2 e5 65. Ne4 Ra4 $11) (53. Rf2 Ke7) 53... Ra4 54. Rd7+ Kf6 55. Rc7
Rb4 $11 {Still for the draw black needs very accurate play.} 56. Kf3 Rb3+ 57.
Ke4 Rc3 58. Kd4 Rf3 $1 59. Nd6 $1 e5+ 60. Kc5 Rc3+ 61. Nc4 a4 62. Rc6+ (62. Kb4
Rg3 63. Rc6+ Kg5 64. Nxe5 Kf4 $11) 62... Kg5 $1 63. Rg6+ Kf4 64. Rxg7 a3 $1 65.
Kb4 a2 66. Ra7 Rc2 67. Kb3 Rh2 $11 68. Rxa2 Rxa2 69. Kxa2 Kxg4 $1 {The end of
a gigantic struggle!} (69... e4 $2 70. Ne3 (70. Kb3 Kxg4 71. Kc3 Kxh5 72. Kd4
$11) 70... Kxe3 71. g5 Kf4 72. gxh6 e3 73. h7 e2 74. h8=Q e1=Q $11 {would be
unnecessary.}) 1/2-1/2